000 00314nam a22001337a 4500
008 190305b xxu||||| |||| 00| 0 eng d
020 _a9780324117769
041 _aeng
080 _27th
_a721.053
100 _a62
101 _aAUD
245 _aAuditing and Assurance Services
_cRicchiute,D.N
942 _2udc
_cBK
999 _c54513
_d54513